| 000 | 01283nab a2200205 i 4500 | ||
|---|---|---|---|
| 001 | 768714001 | ||
| 003 | CO-MdFUSB | ||
| 005 | 20240509165238.0 | ||
| 008 | 240509t1969 sp ||||| |||| 00| 0 spa d | ||
| 040 |
_bspa. _cCO-MdFUSB _dCO-MdFUSB |
||
| 100 |
_aPanikkar, Raimundo, _eautor |
||
| 245 |
_aMetateología o teología diacrítica como teología fundamental _c/ Raimundo Panikkar |
||
| 520 | _aLa teología fundamental no es una ciencia esotérica o una disciplina ad usum delphinis. Es el foro de una ecclesia universal, de todos aquellos para quienes atender al otro es un deber tan sagrado como la preocupación por la propia familia. Jamás seré capaz de amar a mi prójimo como a mí mismo si no lo conozco como a mí mismo. Esta sentencia, evidentemente, es válida en ambas direcciones. El lugar en que convenimos unos y otros es la base para una teología fundamental y también para el encuentro entre los hombres. | ||
| 650 | 7 |
_aTeología dogmática _96937 |
|
| 650 | 0 |
_aVida cristiana _919 |
|
| 653 | _aTeología diacrítica | ||
| 773 | 0 |
_049450 _982609 _oR2536 _tRevista internacional de teología Concilium _w(CO-MdFUSB)8 _x0210-1041 _gNúmero 46, (junio, 1969), páginas: 370 - 383 _qpágina: 370 |
|
| 942 | _cANA | ||
| 945 | _aCatherine Arias Alvarez - Practicante SENA | ||
| 999 |
_c69637 _d69637 |
||